header

Ready to go fundraisers (Record no. 146278)

MARC details
000 -LEADER
fixed length control field 01247nam a2200325 a 4500
245 00 - TITLE STATEMENT
Title Ready to go fundraisers
260 ## - PUBLICATION, DISTRIBUTION, ETC. (IMPRINT)
Place of publication Nashville :
Name of publisher Abingdon Press,
Year of publication 2007.
300 ## - PHYSICAL DESCRIPTION
Number of Pages 112 p. :
Other physical details ill.
490 0# - SERIES STATEMENT
Series statement Ready to go
500 ## - GENERAL NOTE
General note Includes index.
650 #0 - SUBJECT ADDED ENTRY--TOPICAL TERM
Topical Term Church fund raising
Topical Term Proposal writing for grants.
700 1# - ADDED ENTRY--PERSONAL NAME
Personal name Tinley, Josh.
856 40 - ELECTRONIC LOCATION AND ACCESS
Uniform Resource Identifier http://site.ebrary.com/lib/rucke/Doc?id=10432012

No items available.

© 2026 Rongo University
Contact us: librarian | system librarian | Rongo university